| 000 | 00651nam a22001937a 4500 | ||
|---|---|---|---|
| 008 | 160211b xxu||||| |||| 00| 0 eng d | ||
| 020 | _a978-0-230-36815-5 (pbk.) | ||
| 082 |
_22013 _aDC 320.3 _bH12c |
||
| 100 |
_92771 _aHague, Rod. |
||
| 245 |
_aComparative government and politics : _ban introduction/ _cRod Hague and Martin Harrop. |
||
| 250 | _a9th edition | ||
| 260 |
_aNew York : _bPalgrave Macmillan, _cc2013. |
||
| 300 |
_axvi, 404 pages; _c25 cm. |
||
| 500 | _aIncludes bibliographical references and index. | ||
| 650 | 0 |
_92773 _aComparative government. |
|
| 700 |
_92772 _aHarrop, Martin. |
||
| 365 |
_b4,079.00 _cPHP. |
||
| 942 |
_2ddc _cDC |
||
| 999 |
_c1035 _d1035 |
||